| 000 | 00576 a2200205 4500 | ||
|---|---|---|---|
| 001 | 62273 | ||
| 005 | 20260407155916.0 | ||
| 008 | 260407a1967 arg spa d | ||
| 003 | AR-UNSa-BCEJYS | ||
| 040 |
_aAR-UNSa-BCEJYS _bspa _cAR-UNSa-BCEJYS |
||
| 080 |
_a35 _xAdministración Pública |
||
| 245 | 1 | 0 | _aLa administración pública en las naciones nuevas |
| 264 | 1 |
_aBuenos Aires : _bPaidós _c1967 |
|
| 300 |
_a251 p. _c19 cm. |
||
| 041 | _aspa | ||
| 942 | _cBK | ||
| 590 | _aniveau_biblio:m niveau_hierar:0 | ||
| 100 | 1 | _aAlderfer, Harold F. | |
| 700 | 1 | _aLópez, Beatriz | |
| 999 |
_c7636 _d7636 |
||